Communication development in congenitally blind and severely vision impaired children : Principles and strategies /

The impact of congenital blindness and severe visual impairment on communication development; Strategies for working with children with severe visual impairment.

Kaydedildi:
Detaylı Bibliyografya
Yazar: Blackall, Loretta.
Materyal Türü: Kitap
Dil:English
Baskı/Yayın Bilgisi: Australia : Royal Victorian Institute for the Blind, 1990.
Konular:
Etiketler: Etiketle
Etiket eklenmemiş, İlk siz ekleyin!
Thư viện lưu trữ: Mạng thư viện Đại học Đà Nẵng
LEADER 01080cam a2200337 i 4500
001 000044144
003 2398
005 20030220111658.0
008 010217|1990 vm 000 eng
020 |a 0949390194 
040 |a IRC  |c IRC  |d IRC 
041 0 |a eng 
082 1 4 |a 371.911  |b BL-L 
100 1 |a Blackall, Loretta. 
245 0 0 |a Communication development in congenitally blind and severely vision impaired children :  |b Principles and strategies /  |c Loretta Blackall. 
260 |a Australia :  |b Royal Victorian Institute for the Blind,  |c 1990. 
300 |a 27cm, ;  |c 29,5cm. 
520 3 |a The impact of congenital blindness and severe visual impairment on communication development; Strategies for working with children with severe visual impairment. 
630 0 4 |a Education. 
630 0 4 |a Blind. 
650 0 4 |a Blind  |x Education. 
OWN |a DUT 
999 |a From the UDN01 
TYP |a Monograph 
TYP |a Printed language 
980 |a Mạng thư viện Đại học Đà Nẵng